| Поле | Название | Значение |
| |
Тип записи |
a |
| |
Библиографический уровень |
c |
| 001 |
Контрольный номер |
RU/ГПНТБ России/KNIGADB/84(4)/И 32-940493717 |
| 005 |
Дата корректировки |
20211123104843.0 |
| 010 |
Индекс ISBN |
__ |
| a |
ISBN |
978-5-8475-1027-1 |
| b |
Уточнения |
в пер. |
| 9 |
Тираж |
2500 экз. |
| d |
Цена |
258-94 |
| 100 |
Данные общей обработки |
__ |
| a |
Данные общей обработки |
20201208d2017####ma y0rusr028902 ca |
| 101 |
Язык документа |
1_ |
| a |
Язык текста |
rus |
| c |
Язык оригинала |
eng |
| c |
Язык оригинала |
fre |
| 102 |
Страна публикации |
__ |
| a |
Страна публикации |
RU |
| 105 |
Кодированные данные (монография) |
__ |
| a |
Кодированные данные (монография) |
y # 000by |
| 181 |
Поле кодированных данных: вид содержания |
_0 |
| a |
Код вида содержания (ISBD) |
i |
| 182 |
Поле кодированных данных: тип средства |
_0 |
| a |
Код типа средства (ISBD) |
n |
| 200 |
Заглавие и сведения об ответственности |
1_ |
| a |
Заглавие |
Избранные комедии |
| f |
Первые сведения об ответственности |
[перевод с испанского Т. Л. Щепкиной-Куперник |
| g |
Последующие сведения об ответственности |
перевод с французского В. С. Лихачева, Н. М. Любимова] |
| 203 |
Вид содержания и тип средства |
__ |
| a |
Вид содержания |
Текст |
| c |
Тип средства |
непосредственный |
| 210 |
Выходные данные |
1_ |
| a |
Место издания |
Москва |
| c |
Издательство |
Мартин |
| d |
Дата издания |
2017 |
| 215 |
Физическое описание |
__ |
| a |
Объем |
510, [2] с. |
| d |
Формат |
21 см |
| 225 |
Серия |
2_ |
| a |
Серия |
Избранная классика |
| 225 |
Серия |
2_ |
| a |
Серия |
Бессмертные комедии нравов |
| 300 |
Общие примечания |
__ |
| a |
Общие примечания |
На титульном листе указаны авторы и содержание |
| 330 |
Аннотация |
__ |
| a |
Аннотация |
В издании представлены пять бессмертных шедевров величайших комедиографов - Лопе де Вега, Мольера, Бомарше: "Учитель танцев", "Тартюф, или Обманщик", "Дон-Жуан, или Каменное пиршество", "Севильский цирюльник, или Тщетная предосторожность" и "Безумный день, или Женитьба Фигаро". Блестящие комедии, полные жизни и искрометного юмора, по-прежнему актуальны, они не сходят с театральных подмостков и продолжают покорять сердца читателей, а их герои - в числе вечных образов мировой культуры. |
| 333 |
Примечание о целевом назначении |
__ |
| a |
Примечание о целевом назначении |
16+. Для детей старше 16 лет |
| 464 |
Аналитический уровень |
_0 |
| 1 |
|
2001 |
| a |
|
Учитель танцев |
| f |
|
Лопе де Вега |
| 1 |
|
700 1 |
| a |
|
Лопе |
| b |
|
В. де |
| g |
|
Вега де |
| 4 |
|
070 |
| 464 |
Аналитический уровень |
_0 |
| 1 |
|
2001 |
| a |
|
Тартюф, или Обманщик |
| f |
|
Ж.-Б. Мольер |
| 1 |
|
700 1 |
| a |
|
Мольер |
| b |
|
Ж.-Б. |
| g |
|
Жан-Батист |
| 4 |
|
070 |
| 464 |
Аналитический уровень |
_0 |
| 1 |
|
2001 |
| a |
|
Дон Жуан, или Каменное пиршество |
| f |
|
Ж. -Б. Мольер |
| 1 |
|
700 1 |
| a |
|
Мольер |
| b |
|
Ж.-Б. |
| g |
|
Жан-Батист |
| 4 |
|
070 |
| 464 |
Аналитический уровень |
_0 |
| 1 |
|
2001 |
| a |
|
Севильский цирюльник, или Тщетная предосторожность |
| f |
|
П. Бомарше |
| 1 |
|
700 1 |
| a |
|
Бомарше |
| b |
|
П. де |
| g |
|
Пьер де |
| 4 |
|
070 |
| 464 |
Аналитический уровень |
_0 |
| 1 |
|
2001 |
| a |
|
Безумный день, или Женитьба Фигаро |
| f |
|
П. Бомарше |
| 1 |
|
700 1 |
| a |
|
Бомарше |
| b |
|
П. де |
| g |
|
Пьер де |
| 4 |
|
070 |
| 517 |
Другие варианты заглавия |
1_ |
| a |
Другие варианты заглавия |
Обманщик |
| 517 |
Другие варианты заглавия |
1_ |
| a |
Другие варианты заглавия |
Каменное пиршество |
| 517 |
Другие варианты заглавия |
1_ |
| a |
Другие варианты заглавия |
Тщетная предосторожность |
| 517 |
Другие варианты заглавия |
1_ |
| a |
Другие варианты заглавия |
Женитьба Фигаро |
| 606 |
Тематические рубрики |
__ |
| a |
Основная рубрика |
Художественная литература |
| 606 |
Тематические рубрики |
__ |
| a |
Основная рубрика |
Литература Европы (произведения) |
| y |
Географическая подрубрика |
Франция |
| y |
Географическая подрубрика |
Испания |
| z |
Хронологическая подрубрика |
17 в. |
| z |
Хронологическая подрубрика |
18 в. |
| 610 |
Ключевые слова |
0_ |
| a |
Ключевые слова |
пьесы |
| 610 |
Ключевые слова |
0_ |
| a |
Ключевые слова |
комедии |
| 610 |
Ключевые слова |
0_ |
| a |
Ключевые слова |
комедийные пьесы |
| 610 |
Ключевые слова |
0_ |
| a |
Ключевые слова |
классическая литература |
| 610 |
Ключевые слова |
0_ |
| a |
Ключевые слова |
сатирические комедии |
| 610 |
Ключевые слова |
0_ |
| a |
Ключевые слова |
сатирические пьесы |
| 610 |
Ключевые слова |
0_ |
| a |
Ключевые слова |
тема нравственности |
| 610 |
Ключевые слова |
0_ |
| a |
Ключевые слова |
тема общества |
| 610 |
Ключевые слова |
0_ |
| a |
Ключевые слова |
тема сатиры |
| 610 |
Ключевые слова |
0_ |
| a |
Ключевые слова |
тема нравов |
| 610 |
Ключевые слова |
0_ |
| a |
Ключевые слова |
французская литература |
| 610 |
Ключевые слова |
0_ |
| a |
Ключевые слова |
французская классика |
| 610 |
Ключевые слова |
0_ |
| a |
Ключевые слова |
французская драматургия |
| 610 |
Ключевые слова |
0_ |
| a |
Ключевые слова |
французские комедии |
| 610 |
Ключевые слова |
0_ |
| a |
Ключевые слова |
испанская литература |
| 610 |
Ключевые слова |
0_ |
| a |
Ключевые слова |
испанская драматургия |
| 610 |
Ключевые слова |
0_ |
| a |
Ключевые слова |
испанская классика |
| 610 |
Ключевые слова |
0_ |
| a |
Ключевые слова |
экранизации |
| 610 |
Ключевые слова |
0_ |
| a |
Ключевые слова |
экранизированные книги |
| 686 |
Индексы других классификаций |
__ |
| 2 |
Код системы |
rubbks |
| a |
Классификационный индекс |
84(4Фра)511.2-6 |
| 686 |
Индексы других классификаций |
__ |
| 2 |
Код системы |
rubbks |
| a |
Классификационный индекс |
84(4Исп)511.2-6 |
| 686 |
Индексы других классификаций |
__ |
| 2 |
Код системы |
rubbks |
| a |
Классификационный индекс |
84(4Фра)512-6; ст84(4Фра)-6 + ст84(4Исп)-6 |
| 702 |
Вторичная интеллектуальная ответственность |
_1 |
| a |
Фамилия |
Щепкина-Куперник |
| b |
Имя |
Т. Л. |
| g |
Полное личное имя |
Татьяна Львовна |
| 4 |
Код отношения |
730 |
| f |
Даты |
1874-1952 |
| 702 |
Вторичная интеллектуальная ответственность |
_1 |
| a |
Фамилия |
Любимов |
| b |
Имя |
Н. М. |
| g |
Полное личное имя |
Николай Михайлович |
| f |
Даты |
1912-1992 |
| 4 |
Код отношения |
730 |
| 702 |
Вторичная интеллектуальная ответственность |
_1 |
| a |
Фамилия |
Лихачев |
| b |
Имя |
В. С. |
| 4 |
Код отношения |
730 |
| f |
Даты |
1849-1910 |
| g |
Полное личное имя |
Лихачев Владимир |
| 801 |
Источник записи |
_0 |
| b |
Организация |
ГПНТБ России |
| a |
Страна |
RU |
| c |
Дата составления |
20201208 |
| g |
Правила каталогизации |
PSBO |
| 801 |
Источник записи |
_1 |
| b |
Организация |
ГПНТБ России |
| a |
Страна |
RU |
| c |
Дата составления |
20201208 |
| g |
Правила каталогизации |
PSBO |
| 852 |
Данные о местонахождении |
__ |
| i |
Авторский знак |
И 32 |
| j |
Шифр хранения |
84(4Фра)511.2-6 |
| 900 |
Макрообъекты |
__ |
| a |
Макрообъекты |
Избранные комедии, 2017 |
| 901 |
Тип документа |
__ |
| a |
Ответственный |
КиК/Мамарузиева |
| t |
Тип документа |
x |
| 903 |
Характеристики (МАРС) |
__ |
| a |
Дата передачи |
20201216 |
| c |
Наименование библиотеки (МАРС) |
Муниципальное бюджетное учреждение культуры "Централизованная библиотечная система" г. Сургут (Центральная городская библиотека им. А. С. Пушкина) |
| 990 |
Данные о заказе (DOS) |
__ |
| j |
Количество экземпляров (DOS) |
2 |
| t |
N записи в КСУ для И/У (DOS) |
202101 |